[Event "IECC Y2KO email"]
[Site "IECC email"]
[Date "2000.10.26"]
[Round "?"]
[White "De Vries, Gertjan"]
[Black "Guyot, Patrick"]
[Result "1-0"]
[WhiteElo "2072"]
[BlackElo "1704"]
[PlyCount "31"]
[EventDate "2000.??.??"]
[EventType "tourn (corr)"]
[EventRounds "2"]
[SourceTitle "Corr 2008"]
[Source "ChessBase"]
[SourceDate "2008.06.24"]
[SourceVersion "1"]
[SourceVersionDate "2008.06.24"]
[SourceQuality "1"]

1. e4 c5 2. d4 cxd4 3. c3 dxc3 4. Nxc3 Nc6 5. Nf3 d6 6. Bc4 Nf6 7. e5 dxe5 8. Qxd8+ Nxd8 9. Nb5 Bg4 10. Nc7+ Kd7 11. Nxa8 Bxf3 12. gxf3 e6 13. Be3 Bb4+ 14. Ke2 Nc6 15. Rad1+ Ke7 16. Nc7 1-0

[Event "IECC M email"]
[Site "IECC email"]
[Date "2000.01.28"]
[Round "?"]
[White "Hoefer, Hans Peter"]
[Black "De Vries, Gertjan"]
[Result "0-1"]
[WhiteElo "1948"]
[BlackElo "2061"]
[PlyCount "112"]
[EventDate "2000.??.??"]
[EventType "tourn (corr)"]
[EventRounds "2"]
[SourceTitle "Corr 2008"]
[Source "ChessBase"]
[SourceDate "2008.06.24"]
[SourceVersion "1"]
[SourceVersionDate "2008.06.24"]
[SourceQuality "1"]

1. b4 e5 2. Bb2 Bxb4 3. Bxe5 Nf6 4. c4 0-0 5. e3 d5 6. Nf3 Nc6 7. Bb2 Re8 8. cxd5 Nxd5 9. Qc2 Nf4 10. a3 Ba5 11. Qc4 Ng6 12. Be2 a6 13. 0-0 Be6 14. Qc2 Qd7 15. Nc3 Bf5 16. Qb3 Rad8 17. d4 Qd6 18. Na4 Be6 19. Qc2 Bd5 20. Nc5 Qe7 21. Rac1 Nb8 22. Qf5 c6 23. Rfd1 h6 24. Bc3 Bb6 25. Bb2 a5 26. Na4 Bc7 27. Nc3 Bb3 28. Re1 b5 29. Qb1 Nh4 30. Nxh4 Qxh4 31. g3 Qe7 32. Bf3 a4 33. Qf5 Rd6 34. Bg2 Ba5 35. Rf1 Rg6 36. h4 Re6 37. Bh3 Nd7 38. Nxb5 Bd2 39. Nc7 Bxc1 40. Bxc1 Bc4 41. Rd1 Rd8 42. Nxe6 Bxe6 43. Qe4 Nc5 44. Qg2 Bd5 45. Qf1 Ne4 46. Bg2 Rd6 47. Qa6 Nxf2 48. Kxf2 Rf6+ 49. Kg1 Bxg2 50. Re1 Qe4 51. Qe2 Bf3 52. Qh2 Qg4 53. Bd2 Be4 54. Ba5 c5 55. dxc5 Rf5 56. Bb6 Rd5 0-1

[Event "IECC TH-M email"]
[Site "IECC email"]
[Date "1999.12.06"]
[Round "?"]
[White "De Leeuw, Dirk"]
[Black "De Vries, Gertjan"]
[Result "1-0"]
[WhiteElo "1974"]
[BlackElo "2047"]
[PlyCount "75"]
[EventDate "1999.??.??"]
[EventType "match (corr)"]
[EventRounds "2"]
[SourceTitle "Corr 2008"]
[Source "ChessBase"]
[SourceDate "2008.06.24"]
[SourceVersion "1"]
[SourceVersionDate "2008.06.24"]
[SourceQuality "1"]

1. e4 e5 2. f4 exf4 3. Nf3 d5 4. exd5 Nf6 5. Bc4 Nxd5 6. 0-0 Be6 7. Qe2 Be7 8. d4 0-0 9. Bb3 Re8 10. c4 Nb4 11. Bxf4 N8c6 12. Qd2 Na5 13. Na3 c6 14. Rae1 Nxb3 15. axb3 a5 16. Ng5 Bxg5 17. Bxg5 Qd7 18. Rf3 f6 19. Bh4 Bf7 20. Rfe3 Rxe3 21. Rxe3 Re8 22. Rxe8+ Qxe8 23. Nc2 Nxc2 24. Qxc2 b6 25. Bg3 h6 26. Qd3 g5 27. h3 Qd7 28. Bf2 b5 29. Be1 b4 30. Bf2 h5 31. h4 Kg7 32. hxg5 fxg5 33. Bg3 Kh6 34. Be5 Bg6 35. Qf3 Bf5 36. g3 Qc8 37. d5 Qe8 38. Qxf5 1-0

[Event "IECC TH-M email"]
[Site "IECC email"]
[Date "1999.10.16"]
[Round "?"]
[White "De Leeuw, Dirk"]
[Black "De Vries, Gertjan"]
[Result "0-1"]
[WhiteElo "1960"]
[BlackElo "2019"]
[PlyCount "66"]
[EventDate "1999.??.??"]
[EventType "match (corr)"]
[EventRounds "2"]
[SourceTitle "Corr 2008"]
[Source "ChessBase"]
[SourceDate "2008.06.24"]
[SourceVersion "1"]
[SourceVersionDate "2008.06.24"]
[SourceQuality "1"]

1. e4 e5 2. f4 exf4 3. Nf3 d5 4. exd5 Nf6 5. Bb5+ c6 6. dxc6 Nxc6 7. d4 Bd6 8. 0-0 Qb6 9. c4 0-0 10. Nc3 Nxd4 11. Nxd4 Be5 12. Rxf4 Rd8 13. Nd5 Nxd5 14. cxd5 Rxd5 15. Bc4 Rxd4 16. Rxd4 Qxd4+ 17. Qxd4 Bxd4+ 18. Kf1 Bf5 19. Bd2 Bxb2 20. Re1 Ba3 21. Re5 g6 22. Ra5 Bd6 23. g3 Re8 24. Kf2 Bc7 25. Ra3 Bb6+ 26. Kf3 Be4+ 27. Kg4 Bg2 28. Bd3 h5+ 29. Kh4 Kg7 30. Bg5 Re1 31. Bd2 Bd8+ 32. Bg5 Bxg5+ 33. Kxg5 f6+ 0-1

[Event "IECC M email"]
[Site "IECC email"]
[Date "1999.09.14"]
[Round "?"]
[White "Ventimiglia, Charles"]
[Black "De Vries, Gertjan"]
[Result "0-1"]
[WhiteElo "1945"]
[BlackElo "1934"]
[PlyCount "74"]
[EventDate "1999.??.??"]
[EventType "tourn (corr)"]
[EventRounds "6"]
[SourceTitle "Corr 2008"]
[Source "ChessBase"]
[SourceDate "2008.06.24"]
[SourceVersion "1"]
[SourceVersionDate "2008.06.24"]
[SourceQuality "1"]

1. e4 e5 2. Nf3 Nf6 3. Nxe5 d6 4. Nxf7 Kxf7 5. d4 c6 6. Nc3 Qa5 7. Bc4+ d5 8. exd5 cxd5 9. Bxd5+ Nxd5 10. Qh5+ g6 11. Qxd5+ Qxd5 12. Nxd5 Nc6 13. c3 Bd6 14. Ne3 b6 15. 0-0 Re8 16. Rd1 Ba6 17. b3 Re4 18. d5 Na5 19. Bd2 Nb7 20. c4 Rae8 21. Re1 b5 22. cxb5 Bxb5 23. Rac1 Rd4 24. Bc3 Rd3 25. Red1 Ba3 26. Rxd3 Bxc1 27. Rd1 Bxe3 28. fxe3 Rxe3 29. Bd4 Rd3 30. Rxd3 Bxd3 31. Bxa7 Ke7 32. Kf2 Be4 33. b4 Kd6 34. a4 Kxd5 35. Be3 Kc4 36. a5 Kxb4 37. a6 Nd6 0-1

[Event "IECC P email"]
[Site "IECC email"]
[Date "1999.09.05"]
[Round "?"]
[White "Polaszek, Arkadiusz"]
[Black "De Vries, Gertjan"]
[Result "0-1"]
[WhiteElo "1697"]
[BlackElo "2014"]
[PlyCount "68"]
[EventDate "1999.??.??"]
[EventType "tourn (corr)"]
[EventRounds "6"]
[SourceTitle "Corr 2008"]
[Source "ChessBase"]
[SourceDate "2008.06.24"]
[SourceVersion "1"]
[SourceVersionDate "2008.06.24"]
[SourceQuality "1"]

1. e4 e5 2. Nf3 Nf6 3. Nc3 Nc6 4. Bb5 Bb4 5. 0-0 0-0 6. d3 d6 7. Bg5 Bxc3 8. bxc3 Qe7 9. Rb1 Nd8 10. d4 Ne6 11. Bh4 h6 12. Re1 c6 13. Bc4 Nf4 14. a4 b6 15. Qd2 Ng6 16. Bg3 Nh5 17. h3 Nxg3 18. fxg3 Bb7 19. Re3 Rae8 20. Rbe1 Qc7 21. Kh2 Re7 22. d5 Qd7 23. Bb3 cxd5 24. exd5 Ba6 25. Ra1 Qc7 26. c4 Rc8 27. Rc3 Qc5 28. Re1 Rec7 29. Re2 Qa5 30. Re1 Rc5 31. Rd3 Bxc4 32. Qxa5 Rxa5 33. Rd2 Bxb3 34. cxb3 Rc3 0-1

[Event "IECC M email"]
[Site "IECC email"]
[Date "1999.08.27"]
[Round "?"]
[White "De Vries, Gertjan"]
[Black "De Leeuw, Dirk"]
[Result "1/2-1/2"]
[WhiteElo "1972"]
[BlackElo "2013"]
[PlyCount "92"]
[EventDate "1999.??.??"]
[EventType "tourn (corr)"]
[EventRounds "6"]
[SourceTitle "Corr 2008"]
[Source "ChessBase"]
[SourceDate "2008.06.24"]
[SourceVersion "1"]
[SourceVersionDate "2008.06.24"]
[SourceQuality "1"]

1. e4 e5 2. Nf3 Nc6 3. Bb5 a6 4. Ba4 Nf6 5. 0-0 Nxe4 6. d4 b5 7. Bb3 d5 8. dxe5 Be6 9. c3 Bc5 10. Nbd2 0-0 11. Bc2 Nxf2 12. Rxf2 f6 13. exf6 Bxf2+ 14. Kxf2 Qxf6 15. Kg1 Rae8 16. Qf1 Bf5 17. Bxf5 Qxf5 18. a4 b4 19. h3 Qc2 20. Qxa6 Ne5 21. Qb5 c6 22. Qf1 bxc3 23. bxc3 Qxc3 24. Ra3 Qc2 25. Kh2 c5 26. Ra1 Nd3 27. Ba3 Rf4 28. a5 Ra4 29. Ng5 Rf8 30. Qe2 Nf4 31. Qe3 Rxa5 32. Ne6 d4 33. Qe5 Nxe6 34. Qxe6+ Kh8 35. Nb3 Ra4 36. Rf1 Rfa8 37. Bxc5 Qc4 38. Qxc4 Rxc4 39. Rf5 d3 40. Rd5 Rc3 41. Na5 Rc2 42. Bb4 g5 43. Rxd3 Kg7 44. Rd2 Rc7 45. Nb3 Rc4 46. Rd7+ Kf6 1/2-1/2

[Event "IECC Trio 783 email"]
[Site "IECC email"]
[Date "1999.08.24"]
[Round "?"]
[White "Hoefer, Hans Peter"]
[Black "De Vries, Gertjan"]
[Result "0-1"]
[WhiteElo "1876"]
[BlackElo "2032"]
[PlyCount "92"]
[EventDate "1999.??.??"]
[EventType "tourn (corr)"]
[EventRounds "4"]
[SourceTitle "Corr 2008"]
[Source "ChessBase"]
[SourceDate "2008.06.24"]
[SourceVersion "1"]
[SourceVersionDate "2008.06.24"]
[SourceQuality "1"]

1. d4 d5 2. c4 e6 3. Nc3 c6 4. Nf3 dxc4 5. e4 b5 6. a4 Bb4 7. Qc2 Bb7 8. Bg5 Ne7 9. Be2 0-0 10. 0-0 a6 11. b3 cxb3 12. Qxb3 Bxc3 13. Qxc3 h6 14. Be3 Nd7 15. Rfd1 a5 16. Qb3 Ba6 17. Qc2 Re8 18. Nd2 b4 19. Bf3 Qc7 20. Nb3 Red8 21. Rac1 Bb7 22. g3 Rdc8 23. Bg2 Qd8 24. f4 Qf8 25. h3 Rcb8 26. Ra1 Qe8 27. Rd2 Kh8 28. Bf2 Nc8 29. d5 cxd5 30. exd5 exd5 31. Bxd5 Ne7 32. Bxb7 Rxb7 33. Rad1 Nf6 34. Nxa5 Rbb8 35. Nc4 Qxa4 36. Qxa4 Rxa4 37. Ne5 Ne4 38. Rd7 b3 39. Bd4 b2 40. Bxb2 Rxb2 41. Rxe7 Nxg3 42. Nd3 Rc2 43. Ne1 Re2 44. Rdd7 Ne4 45. Rd1 Raa2 46. h4 f5 0-1

[Event "IECC CL3-1999.29"]
[Site "IECC email"]
[Date "1999.07.29"]
[Round "?"]
[White "Spiekermann, Stefan"]
[Black "De Vries, Gertjan"]
[Result "0-1"]
[WhiteElo "1953"]
[BlackElo "1890"]
[PlyCount "78"]
[EventDate "1999.??.??"]
[EventType "tourn (corr)"]
[EventRounds "4"]
[SourceTitle "Corr 2008"]
[Source "ChessBase"]
[SourceDate "2008.06.24"]
[SourceVersion "1"]
[SourceVersionDate "2008.06.24"]
[SourceQuality "1"]

1. e4 e6 2. d3 c5 3. Nf3 Nc6 4. g3 d5 5. Nbd2 Nge7 6. Bg2 g6 7. 0-0 Bg7 8. Re1 b6 9. c3 a5 10. a4 Ba6 11. exd5 exd5 12. Nb3 0-0 13. d4 c4 14. Nbd2 Qd7 15. b3 cxb3 16. Qxb3 Rab8 17. Ba3 Rfe8 18. h4 h6 19. Nh2 Red8 20. Nhf1 Nf5 21. Bb2 b5 22. axb5 Rxb5 23. Qa2 Bf8 24. Ne3 Nxe3 25. Rxe3 Rdb8 26. Ba3 Bxa3 27. Qxa3 Rb2 28. Ra2 R2b5 29. Kh2 g5 30. Nf3 gxh4 31. Nxh4 Rb1 32. Ra1 R8b3 33. Qc5 Rxa1 34. Bxd5 Rb2 35. Bxc6 Rxf2+ 36. Bg2 Bf1 37. g4 Bxg2 38. Nxg2 Rxg2+ 39. Kxg2 Qxg4+ 0-1

[Event "IECC M email"]
[Site "IECC email"]
[Date "1999.07.04"]
[Round "?"]
[White "Ventimiglia, Charles"]
[Black "De Vries, Gertjan"]
[Result "1/2-1/2"]
[WhiteElo "1929"]
[BlackElo "1837"]
[PlyCount "118"]
[EventDate "1999.??.??"]
[EventType "tourn (corr)"]
[EventRounds "6"]
[SourceTitle "Corr 2008"]
[Source "ChessBase"]
[SourceDate "2008.06.24"]
[SourceVersion "1"]
[SourceVersionDate "2008.06.24"]
[SourceQuality "1"]

1. e4 e6 2. d4 d5 3. Nc3 Bb4 4. e5 c5 5. a3 Bxc3+ 6. bxc3 Ne7 7. Bd3 Nbc6 8. Qg4 Qa5 9. Bd2 c4 10. Be2 Nf5 11. Nf3 Bd7 12. 0-0 0-0-0 13. Rfb1 f6 14. Qh5 Be8 15. Qh3 g5 16. exf6 Bd7 17. Ra2 Nd6 18. Nxg5 h6 19. Nxe6 Rdf8 20. Bf4 Ne4 21. Bg4 h5 22. Bf5 Rxf6 23. Rab2 b6 24. Bxe4 dxe4 25. Qh4 Qf5 26. Bg3 Rxe6 27. Rb5 Qf6 28. d5 Qxh4 29. Bxh4 Rd6 30. dxc6 Bxc6 31. R5b4 b5 32. a4 a6 33. axb5 axb5 34. Bg5 Kd7 35. Ra1 Ra8 36. Rbb1 Ra4 37. Re1 Ke6 38. Kf1 Bb7 39. Ke2 Rda6 40. Rab1 Ra2 41. Rxb5 Bc6 42. Rc5 Rxc2+ 43. Bd2 Raa2 44. Rxc6+ Kd5 45. Rf6 Rxd2+ 46. Kf1 Rdc2 47. Rf5+ Ke6 48. Rf4 Kd6 49. g3 Rxc3 50. Rfxe4 Rcc2 51. Re6+ Kc5 52. R6e5+ Kd6 53. R5e2 Rcb2 54. Rxb2 Rxb2 55. Kg2 Kd5 56. Kf3 c3 57. Ke3 Kc4 58. Rc1 Rb5 59. f4 Rd5 1/2-1/2

[Event "IECC M email"]
[Site "IECC email"]
[Date "1999.04.27"]
[Round "?"]
[White "De Vries, Gertjan"]
[Black "Ventimiglia, Charles"]
[Result "1-0"]
[WhiteElo "1783"]
[BlackElo "1882"]
[PlyCount "103"]
[EventDate "1999.??.??"]
[EventType "tourn (corr)"]
[EventRounds "6"]
[SourceTitle "Corr 2008"]
[Source "ChessBase"]
[SourceDate "2008.06.24"]
[SourceVersion "1"]
[SourceVersionDate "2008.06.24"]
[SourceQuality "1"]

1. e4 c6 2. d4 d5 3. exd5 cxd5 4. c4 Nf6 5. Nc3 e6 6. Nf3 Bb4 7. cxd5 Nxd5 8. Bd2 0-0 9. Bd3 Nc6 10. 0-0 Be7 11. a3 Bf6 12. Qe2 Bxd4 13. Nxd5 Qxd5 14. Be4 Qd8 15. Rad1 e5 16. b4 Bg4 17. b5 f5 18. bxc6 fxe4 19. cxb7 exf3 20. Qc4+ Rf7 21. bxa8Q Qxa8 22. g3 Qe8 23. Bc3 Bd7 24. Bxd4 Bb5 25. Qd5 Bxf1 26. Bxe5 Bh3 27. Bxg7 Qe6 28. Qg5 Rxg7 29. Rd8+ Kf7 30. Qh5+ Rg6 31. Qxh7+ Rg7 32. Qh5+ Rg6 33. Qxf3+ Qf6 34. Qxf6+ Rxf6 35. Rh8 Bf5 36. Rb8 Ra6 37. Rb3 Be6 38. Rc3 Bh3 39. f3 Rf6 40. Kf2 a5 41. Rc7+ Kg6 42. Ra7 Rf5 43. Re7 Bg4 44. Re3 Bh3 45. Re4 Rb5 46. g4 Kf6 47. Re1 Rb3 48. a4 Ra3 49. Rc1 Rxa4 50. Kg3 Bxg4 51. fxg4 Ra3+ 52. Kh4 1-0

[Event "IECC M email"]
[Site "IECC email"]
[Date "1999.04.11"]
[Round "?"]
[White "De Vries, Gertjan"]
[Black "Ventimiglia, Charles"]
[Result "1/2-1/2"]
[WhiteElo "1786"]
[BlackElo "1837"]
[PlyCount "94"]
[EventDate "1999.??.??"]
[EventType "tourn (corr)"]
[EventRounds "6"]
[SourceTitle "Corr 2008"]
[Source "ChessBase"]
[SourceDate "2008.06.24"]
[SourceVersion "1"]
[SourceVersionDate "2008.06.24"]
[SourceQuality "1"]

1. e4 c5 2. d4 cxd4 3. c3 dxc3 4. Nxc3 Nc6 5. Nf3 d6 6. Bc4 a6 7. 0-0 Nf6 8. Qe2 Bg4 9. Rd1 e6 10. h3 Bxf3 11. Qxf3 Ne5 12. Qe2 Nxc4 13. Qxc4 Rc8 14. Qb3 Qc7 15. Bf4 Be7 16. Rac1 Qb8 17. Rc2 0-0 18. Rcd2 Rfd8 19. Qb4 b5 20. e5 Rc4 21. exf6 Bxf6 22. Bxd6 Rxb4 23. Bxb8 Rxb8 24. a3 Rc4 25. f3 Rbc8 26. Ne4 Rc2 27. Nxf6+ gxf6 28. g4 Kg7 29. Kg2 Kg6 30. Kg3 f5 31. Rxc2 Rxc2 32. Rd6 a5 33. b3 Rc3 34. Ra6 Rxb3 35. Rxa5 e5 36. gxf5+ Kxf5 37. a4 b4 38. Rb5 Rb1 39. Rb7 f6 40. Rxh7 Rg1+ 41. Kf2 Ra1 42. Rb7 Rxa4 43. Kg3 Kg5 44. Rb5 Kg6 45. Rb6 Kg5 46. Rb5 Kh6 47. Rb6 Kg6 1/2-1/2

[Event "IECC CL4-1999.11"]
[Site "IECC email"]
[Date "1999.02.01"]
[Round "?"]
[White "De Vries, Gertjan"]
[Black "Berkley, Stephen W"]
[Result "1-0"]
[WhiteElo "1783"]
[BlackElo "1716"]
[PlyCount "109"]
[EventDate "1999.??.??"]
[EventType "tourn (corr)"]
[EventRounds "4"]
[SourceTitle "Corr 2008"]
[Source "ChessBase"]
[SourceDate "2008.06.24"]
[SourceVersion "1"]
[SourceVersionDate "2008.06.24"]
[SourceQuality "1"]

1. e4 c5 2. d4 cxd4 3. c3 d3 4. Bxd3 Nc6 5. c4 g6 6. Nc3 Bg7 7. Nf3 d6 8. h3 Nf6 9. 0-0 0-0 10. Bg5 Be6 11. Rc1 Rc8 12. a3 Nd7 13. b4 Nce5 14. Nxe5 Nxe5 15. Nd5 f6 16. Be3 Nxd3 17. Qxd3 b6 18. Rfd1 Qe8 19. c5 dxc5 20. bxc5 bxc5 21. Rxc5 Bxd5 22. Rxd5 Rc7 23. Rc5 Rxc5 24. Bxc5 Qf7 25. Qd7 Qb3 26. Bxe7 Rf7 27. Qd8+ Bf8 28. Bxf8 Rxf8 29. Qd5+ Qxd5 30. exd5 Rd8 31. f4 Kf7 32. Kf2 Ke7 33. Re1+ Kd6 34. Re6+ Kxd5 35. Rxf6 Rd7 36. Ra6 Ke4 37. Ra4+ Kf5 38. g4+ Kf6 39. Ra6+ Kf7 40. a4 Kg7 41. Ke3 Kf7 42. f5 Rb7 43. Kf4 gxf5 44. gxf5 Rc7 45. Kg5 Kg7 46. h4 Rb7 47. h5 Rc7 48. Rf6 Rc4 49. h6+ Kg8 50. Rd6 Rc8 51. a5 Rb8 52. Rd7 Ra8 53. a6 Kh8 54. f6 Kg8 55. Rg7+ 1-0

[Event "IECC CL4-1999.07"]
[Site "IECC email"]
[Date "1998.12.24"]
[Round "?"]
[White "De Vries, Gertjan"]
[Black "Ventimiglia, Charles"]
[Result "1/2-1/2"]
[WhiteElo "1673"]
[BlackElo "1759"]
[PlyCount "36"]
[EventDate "1999.??.??"]
[EventType "tourn (corr)"]
[EventRounds "4"]
[SourceTitle "Corr 2008"]
[Source "ChessBase"]
[SourceDate "2008.06.24"]
[SourceVersion "1"]
[SourceVersionDate "2008.06.24"]
[SourceQuality "1"]

1. e4 c6 2. d4 d5 3. e5 Na6 4. Nf3 g6 5. Nbd2 Nc7 6. Nb3 b6 7. Bd3 Bg7 8. Qe2 Bg4 9. h3 Bxf3 10. Qxf3 Nh6 11. 0-0 Qd7 12. a4 a5 13. Bf4 Ne6 14. Bh2 Ng5 15. Qe3 Ne6 16. Qf3 Ng5 17. Qe3 Ne6 18. Qf3 Ng5 1/2-1/2

[Event "IECC CL4-1999.05"]
[Site "IECC email"]
[Date "1998.12.12"]
[Round "?"]
[White "De Vries, Gertjan"]
[Black "Lempea, Pekka"]
[Result "1-0"]
[WhiteElo "1714"]
[BlackElo "1634"]
[PlyCount "37"]
[EventDate "1999.??.??"]
[EventType "tourn (corr)"]
[EventRounds "4"]
[SourceTitle "Corr 2008"]
[Source "ChessBase"]
[SourceDate "2008.06.24"]
[SourceVersion "1"]
[SourceVersionDate "2008.06.24"]
[SourceQuality "1"]

1. e4 e6 2. d4 d5 3. Nc3 Bb4 4. e5 c5 5. a3 Bxc3+ 6. bxc3 Qc7 7. Nf3 b6 8. a4 Ba6 9. Bxa6 Nxa6 10. Qe2 Nb8 11. 0-0 Ne7 12. c4 dxc4 13. dxc5 Qxc5 14. Rd1 Nd7 15. Bb2 Nd5 16. Nd2 c3 17. Ba3 Nf4 18. Qf3 Qd5 19. Ne4 1-0

[Event "IECC CL4-1999.05"]
[Site "IECC email"]
[Date "1998.11.29"]
[Round "?"]
[White "Ventimiglia, Charles"]
[Black "De Vries, Gertjan"]
[Result "0-1"]
[WhiteElo "1753"]
[BlackElo "1631"]
[PlyCount "90"]
[EventDate "1999.??.??"]
[EventType "tourn (corr)"]
[EventRounds "4"]
[SourceTitle "Corr 2008"]
[Source "ChessBase"]
[SourceDate "2008.06.24"]
[SourceVersion "1"]
[SourceVersionDate "2008.06.24"]
[SourceQuality "1"]

1. d4 d5 2. c4 e6 3. Nc3 c5 4. cxd5 exd5 5. dxc5 Nf6 6. Be3 Nc6 7. Bd4 Nxd4 8. Qxd4 Qc7 9. b4 a5 10. e4 dxe4 11. Nxe4 Nxe4 12. Bb5+ Bd7 13. Qxe4+ Be7 14. Bxd7+ Qxd7 15. Rd1 Qb5 16. a3 axb4 17. Qxb4 Qc6 18. Nf3 Bxc5 19. Qf4 0-0 20. 0-0 Bxa3 21. Rfe1 Rfd8 22. Ne5 Qc7 23. Rxd8+ Rxd8 24. Qa4 Bd6 25. Nf3 Qd7 26. Qxd7 Rxd7 27. Re8+ Bf8 28. Kf1 f6 29. Ke2 Kf7 30. Rc8 b6 31. Ne1 Rb7 32. Nc2 b5 33. Nd4 b4 34. Nb3 Ra7 35. Rd8 Ra2+ 36. Ke3 g6 37. Rd7+ Ke6 38. Rd8 Bh6+ 39. f4 Rxg2 40. Nc5+ Ke7 41. Rd7+ Ke8 42. Rxh7 Rxh2 43. Rb7 Rh3+ 44. Ke4 Rh4 45. Kd5 Bxf4 0-1

[Event "IECC M email"]
[Site "IECC email"]
[Date "1998.11.07"]
[Round "?"]
[White "De Vries, Gertjan"]
[Black "Ventimiglia, Charles"]
[Result "1/2-1/2"]
[WhiteElo "1600"]
[BlackElo "1796"]
[PlyCount "72"]
[EventDate "1998.??.??"]
[EventType "tourn (corr)"]
[EventRounds "12"]
[SourceTitle "Corr 2008"]
[Source "ChessBase"]
[SourceDate "2008.06.24"]
[SourceVersion "1"]
[SourceVersionDate "2008.06.24"]
[SourceQuality "1"]

1. e4 c6 2. d4 d5 3. Nd2 dxe4 4. Nxe4 Nd7 5. Ng5 Ngf6 6. Bc4 e6 7. Qe2 Nb6 8. Bb3 a5 9. c3 a4 10. Bc2 a3 11. b3 Bd6 12. N1f3 Nbd5 13. Bd2 Nf4 14. Qf1 b6 15. c4 Bb7 16. Rd1 Qc7 17. g3 Ng6 18. Qe2 0-0 19. 0-0 c5 20. dxc5 bxc5 21. Bc3 Rfd8 22. Nxe6 fxe6 23. Qxe6+ Qf7 24. Ng5 Qxe6 25. Nxe6 Bf3 26. Rd2 Rd7 27. Bxf6 gxf6 28. Nxc5 Nf4 29. Rfd1 Bxc5 30. Rxd7 Bxd1 31. Bxd1 Ne6 32. Bg4 Re8 33. Kg2 h6 34. Rd5 Bb4 35. Rb5 Bc3 36. Rd5 Bb4 1/2-1/2

[Event "IECC M email"]
[Site "IECC email"]
[Date "1998.11.07"]
[Round "?"]
[White "Ventimiglia, Charles"]
[Black "De Vries, Gertjan"]
[Result "1/2-1/2"]
[WhiteElo "1751"]
[BlackElo "1608"]
[PlyCount "109"]
[EventDate "1998.??.??"]
[EventType "tourn (corr)"]
[EventRounds "12"]
[SourceTitle "Corr 2008"]
[Source "ChessBase"]
[SourceDate "2008.06.24"]
[SourceVersion "1"]
[SourceVersionDate "2008.06.24"]
[SourceQuality "1"]

1. d4 Nf6 2. Bg5 e6 3. e3 c5 4. Nc3 Qb6 5. Rb1 d5 6. Nf3 Nbd7 7. Bb5 Ne4 8. 0-0 Nxg5 9. Nxg5 h6 10. Nf3 a6 11. Bxd7+ Bxd7 12. Ne5 Qc7 13. Qg4 Bc6 14. Rbd1 Rh7 15. Nxc6 bxc6 16. Rfe1 cxd4 17. exd4 g6 18. Qh3 Rb8 19. Na4 Rb4 20. b3 Rb5 21. Re2 Qf4 22. Nc3 Rb7 23. Qd3 Ra7 24. Na4 Qb8 25. c4 Bd6 26. Qh3 Re7 27. Rc2 f5 28. cxd5 cxd5 29. Rc6 a5 30. Nb6 Bc7 31. Rdc1 Kf7 32. Na4 Bf4 33. R1c5 Bd6 34. Rb6 Rb7 35. Rcc6 Rxb6 36. Nxb6 Bf4 37. Kh1 Rh8 38. Qc3 Qb7 39. g3 Bb8 40. Kg1 f4 41. Na4 Re8 42. Nb2 fxg3 43. hxg3 Kg8 44. Nd3 Re7 45. Rc8+ Kh7 46. Rc5 Bc7 47. Rc6 Bb8 48. Qc2 Kg7 49. Kg2 g5 50. Qc5 Ba7 51. Qc3 Bb8 52. f3 Rf7 53. Qc2 Re7 54. Qc5 Ba7 55. Qc3 1/2-1/2